[Event "IECC Swiss email"]
[Site "IECC email"]
[Date "1999.10.07"]
[Round "?"]
[White "Gajic, Zoran"]
[Black "Reynolds, John"]
[Result "1/2-1/2"]
[WhiteElo "1868"]
[BlackElo "1506"]
[PlyCount "65"]
[EventDate "1999.??.??"]
[EventType "tourn (corr)"]
[EventRounds "6"]
[SourceTitle "Corr 2008"]
[Source "ChessBase"]
[SourceDate "2008.06.24"]
[SourceVersion "1"]
[SourceVersionDate "2008.06.24"]
[SourceQuality "1"]

1. Nc3 d5 2. e4 dxe4 3. Nxe4 Nc6 4. Nf3 e6 5. d4 Be7 6. Bd3 Nb4 7. 0-0 Nxd3 8. Qxd3 Nf6 9. Neg5 h6 10. Nh3 b6 11. Ne5 Bb7 12. Nf4 0-0 13. Be3 Bd6 14. f3 c5 15. Rfe1 Qc7 16. Bf2 cxd4 17. Bxd4 Rfd8 18. Qc3 Rac8 19. Qxc7 Bxc7 20. c3 Nd5 21. Nxd5 Bxd5 22. Nd3 Bc4 23. Nf2 Rd7 24. b3 Bb5 25. Ng4 Rcd8 26. Ne5 Rd5 27. a4 Be8 28. Nd3 Bd6 29. Re3 Bc6 30. Rae1 Bb7 31. Kf2 h5 32. h4 Be7 33. g3 1/2-1/2

[Event "IECC Swiss email"]
[Site "IECC email"]
[Date "1999.05.17"]
[Round "?"]
[White "Reynolds, John"]
[Black "Hermans, Marcel M"]
[Result "0-1"]
[WhiteElo "1448"]
[BlackElo "1971"]
[PlyCount "36"]
[EventDate "1999.??.??"]
[EventType "tourn (corr)"]
[EventRounds "6"]
[SourceTitle "Corr 2008"]
[Source "ChessBase"]
[SourceDate "2008.06.24"]
[SourceVersion "1"]
[SourceVersionDate "2008.06.24"]
[SourceQuality "1"]

1. d4 d5 2. Nf3 Nf6 3. e3 c6 4. c4 Bf5 5. cxd5 cxd5 6. Qb3 Qc7 7. Nc3 e6 8. Nh4 Be4 9. f3 Bg6 10. Nxg6 hxg6 11. e4 dxe4 12. fxe4 Nc6 13. Bf4 Qxf4 14. Qxb7 Rb8 15. Qxc6+ Kd8 16. Bb5 Qe3+ 17. Kf1 Bb4 18. e5 Rh5 0-1

[Event "IECC M email"]
[Site "IECC email"]
[Date "1999.04.19"]
[Round "?"]
[White "Hervas, Fernando"]
[Black "Reynolds, John"]
[Result "1-0"]
[WhiteElo "1448"]
[BlackElo "1464"]
[PlyCount "83"]
[EventDate "1999.??.??"]
[EventType "tourn (corr)"]
[EventRounds "6"]
[SourceTitle "Corr 2008"]
[Source "ChessBase"]
[SourceDate "2008.06.24"]
[SourceVersion "1"]
[SourceVersionDate "2008.06.24"]
[SourceQuality "1"]

1. e4 c5 2. Nf3 Nf6 3. e5 Nd5 4. Nc3 Nxc3 5. dxc3 Qb6 6. Bc4 e6 7. 0-0 d5 8. exd6 Bxd6 9. Qd3 Be7 10. Rd1 Nc6 11. b3 0-0 12. Ng5 g6 13. Qh3 h5 14. Qg3 Kg7 15. Bf4 e5 16. Bxe5+ Nxe5 17. Qxe5+ Bf6 18. Qg3 Bf5 19. Rd6 Qc7 20. Rxf6 Qxg3 21. fxg3 Kxf6 22. Nh7+ Kg7 23. Nxf8 Kxf8 24. Bd3 Be6 25. Be4 Rb8 26. Re1 Ke7 27. a4 b6 28. Kf2 Rd8 29. c4 Kf6 30. a5 bxa5 31. Ra1 Rd7 32. Rxa5 Rc7 33. c3 Ke5 34. Ke3 f5 35. Bf3 Bf7 36. b4 Bxc4 37. bxc5 Bf7 38. c6+ Kd6 39. Kd4 Be6 40. c4 Ke7 41. Re5 Kf6 42. Bd5 1-0